UM Logo

Why Technology cannot replace Teachers in Future Classrooms / (Record no. 17802)

MARC details
000 -LEADER
fixed length control field 00677nam a22001937a 4500
003 - CONTROL NUMBER IDENTIFIER
control field OSt
005 - DATE AND TIME OF LATEST TRANSACTION
control field 20230118160815.0
008 - FIXED-LENGTH DATA ELEMENTS--GENERAL INFORMATION
fixed length control field 230118b ||||| |||| 00| 0 eng d
040 ## - CATALOGING SOURCE
Transcribing agency 0
082 ## - DEWEY DECIMAL CLASSIFICATION NUMBER
Classification number DPer 370.5 M720 June - December 2017 v66 no. 1-7
100 ## - MAIN ENTRY--PERSONAL NAME
Personal name Carpio, Jennifer S.
Relator term author.
9 (RLIN) 47292
245 ## - TITLE STATEMENT
Title Why Technology cannot replace Teachers in Future Classrooms /
Statement of responsibility, etc. Jennifer S. Carpio
260 ## - PUBLICATION, DISTRIBUTION, ETC. (IMPRINT)
Place of publication, distribution, etc. Philippines :
Name of publisher, distributor, etc. Papi Publishers, Inc.,
Date of publication, distribution, etc. June 2017.
300 ## - PHYSICAL DESCRIPTION
Extent volume 66, pages 10-11.
650 ## - SUBJECT ADDED ENTRY--TOPICAL TERM
Topical term or geographic name as entry element Information technology.
9 (RLIN) 47293
650 ## - SUBJECT ADDED ENTRY--TOPICAL TERM
Topical term or geographic name as entry element Information technology -Technology.
9 (RLIN) 47294
700 ## - ADDED ENTRY--PERSONAL NAME
Personal name Carpio, Jennifer S.
Relator term author.
9 (RLIN) 47292
942 ## - ADDED ENTRY ELEMENTS (KOHA)
Source of classification or shelving scheme Dewey Decimal Classification
Koha item type Periodicals
Holdings
Withdrawn status Lost status Source of classification or shelving scheme Damaged status Not for loan Collection code Home library Current library Date acquired Total Checkouts Full call number Date last seen Price effective from Koha item type Public note
    Dewey Decimal Classification     Periodicals UM Digos College - LIC UM Digos College - LIC 01/18/2023   DPer 370.5 M720 June - December 2017 v66 no. 1-7 01/18/2023 01/18/2023 Periodicals Periodical Article